000 00803nam a2200265 a 4500
001 937
003 BR-CuiBMT
005 20231213125455.0
008 231123b2007 rjba 000 0 por d
020 _a9788573037371
040 _aBR-CuiBMT
_cBR-CuiBMT
080 _22007
_a658.3
090 _a658.3
_bL979g
100 1 _aLuz, Ricardo
245 1 0 _aGestão do clima organizacional /
_cRicardo Luz.
260 _aRio de Janeiro :
_bQualitymark,
_c2007.
300 _a142 p. :
_bil. ;
_c23 cm
504 _aInclui bibliografia.
590 _aA Biblioteca possui a 3. reimpr. 2007 e a 6. reimpr. 2012.
650 _aRelações humanas
_xAdministração
650 _aComportamento organizacional
650 _aDesenvolvimento organizacional
650 _aGestão por competências
942 _2udc
_cLV
999 _c937
_d937